| 000 | 00869cam a22001814a 4500 | ||
|---|---|---|---|
| 005 | 20250605164354.0 | ||
| 008 | 250528s ||||||||||||||||||||||||d | ||
| 035 | _a24259 | ||
| 040 |
_aGR-AtMCL _bgre _dGR-AtMCL _eAACR2 |
||
| 245 | 1 | _aBe Prepared! / World Health - The Magazine of the World Health Organization | |
| 260 |
_bWorld Health, _c1991 |
||
| 300 | _a31 | ||
| 520 | _aShould Disaster Strike - Be Prepared!, Challenges for the 1990s, Silent Disasters of Africa, Should Disaster Relief Strike - Be Prepared!, Under the Volcanoes, Should Disaster Strike - Be Prepared!, NGOs Have Proved Their Worth, Superfluous to Requirement, Health Services are Casualties too, Myths and Lessons, Bangladesh Bears the Brunt, Working with UNDRO. | ||
| 700 | 1 |
_aNakajima Hiroshi _99435 |
|
| 942 | _cCR | ||
| 999 |
_c9149 _d9149 |
||